[Event "40th IND-chT Open 2020"]
[Site "Ahmedabad"]
[Date "2020.02.10"]
[Round "5.10"]
[White "Bhatt, Jalpan"]
[Black "Harsha Bharathakoti"]
[Result "0-1"]
[WhiteElo "1983"]
[BlackElo "2495"]
[Annotator "TA"]
[PlyCount "50"]
[EventDate "2020.02.05"]
[EventCountry "IND"]
[SourceTitle "playchess.com"]
[Source "ChessBase"]
[SourceQuality "1"]

{[%evp 10,70,31,26,27,18,35,29,29,18,27,17,14,8,0,-12,-14,-16,-14,-16,-14,-23,-16,-31,-5,-46,-43,-78,-60,-147,-135,-205,-208,-191,-205,-203,-198,-160,-114,-300,-291,-284,-237,-305,-304,-333,-310,-291,-305,-312,-303,-300,-309,-322,-324,-375,-355,-360,-352,-358,-351,-343,-360]} 1. d4 d5 2. c4 e6 3. Nc3 a6 4. Nf3 Nf6 5. Bg5 Be7 6. e3 h6 {D53: Queen's Gambit Declined: 4 Bg5 Be7: Early deviations.} 7. Bh4 dxc4 8. Bxc4 b5 {White has an edge.} 9. Bd3 Bb7 10. O-O Nbd7 11. Qe2 c5 12. Rfd1 cxd4 13. exd4 O-O 14. Rac1 Rc8 15. Bb1 {[#]} Re8 $146 ({Predecessor:} 15... b4 16. Na4 Qa5 17. b3 Qh5 18. Bg3 Nd5 19. Rc4 N5b6 20. Qd3 g6 21. Nxb6 Nxb6 22. Rxc8 Rxc8 23. Qd2 Rc3 24. Re1 Bf6 25. Ne5 Kg7 26. Bd3 a5 {½-½ (27) Pavlidou,E (2176)-Nguyen Thi Mai,H (2244) Mardin 2011}) 16. Ne5 Nb6 17. Bxf6 (17. Qd3 $5 {[%cal Rh4f6]}) 17... Bxf6 18. Qh5 Rc7 19. Ne4 {[#]} ({White should try} 19. Qe2 $15) 19... Bxe5 $1 $17 20. dxe5 (20. Qxe5 $17 Rxc1 21. Rxc1) 20... Rxc1 $19 21. Rxc1 {Hoping for Rd1.} Bxe4 $1 $40 {[%mdl 128] White is in trouble.} 22. Bxe4 {[#]} Qd2 $1 {[%mdl 512]} 23. Rb1 Na4 24. h4 $2 (24. Qd1 $17 Rd8 25. Bc2) 24... Nxb2 25. Qf3 Rd8 {Played: Nb2-c4} 0-1

[Event "40th IND-chT Open 2020"]
[Site "Ahmedabad"]
[Date "2020.02.10"]
[Round "5.11"]
[White "Rahul Srivatshav P"]
[Black "Trivedi Karan R"]
[Result "1-0"]
[WhiteElo "2474"]
[BlackElo "1956"]
[Annotator "TA"]
[PlyCount "93"]
[EventDate "2020.02.05"]
[EventCountry "IND"]
[SourceTitle "playchess.com"]
[Source "ChessBase"]
[SourceQuality "1"]

{[%evp 16,93,42,43,41,35,102,91,98,92,100,89,92,85,85,85,94,75,104,83,81,63,86,76,123,116,106,125,148,143,136,121,222,213,207,207,196,203,175,125,143,100,95,79,263,225,335,352,431,395,582,571,641,610,610,577,616,616,583,576,614,593,655,605,816,681,1319,1319,1295,1221,1330,1307,5114,5057,29960,10892,29987,29988,29988,29989]} 1. Nf3 Nf6 2. c4 e6 3. g3 b6 4. Bg2 Bb7 5. O-O Be7 6. b3 O-O 7. Nc3 c5 8. Bb2 d6 9. d4 a6 {A30: Symmetrical English: Double Fianchetto and Hedgehog} 10. d5 e5 (10... exd5 $1 $14 11. cxd5 b5) 11. a4 {[#]} Ne8 $146 {White is better.} ({Predecessor:} 11... Nbd7 12. Nd2 Ne8 13. f4 exf4 14. gxf4 Bf6 15. Qc2 Bd4+ 16. Kh1 Ndf6 17. Nce4 Bxb2 18. Qxb2 {1-0 (34) Zoldi,Z-Horvath,M (2165) Hungary 1995}) 12. e4 g6 13. Ne1 Nd7 14. Nd3 Bf6 15. Qe2 Bg7 16. Kh1 h5 17. Nd1 h4 18. f4 hxg3 19. hxg3 exf4 20. gxf4 (20. Rxf4 $6 Bxb2 21. N1xb2 (21. Qxb2 Qg5 $11) 21... Qg5 $11) 20... Qh4+ 21. Kg1 Nef6 {[#]} 22. Rf3 $1 {[%cal Rf3h3] Threatens to win with Rh3.} Rae8 ({But not} 22... Ng4 $2 23. Rh3 $18) 23. N1f2 {Black must now prevent Rh3.} Nh5 (23... Qh6 $16 24. Re1 Nh5) 24. Bxg7 $18 Kxg7 25. Qb2+ Kg8 26. Re1 Bc8 27. Rh3 Qf6 28. e5 dxe5 29. fxe5 Qg7 $2 (29... Nxe5 $16 {might work better.} 30. Rxe5 Bxh3 31. Bxh3 (31. Nxh3 a5 $14) 31... Rxe5 32. Qxe5 (32. Nxe5 Qg5+ 33. Bg2 Re8 $17) 32... Qxe5 33. Nxe5 Nf4) 30. Rhe3 f5 (30... g5 $142 31. d6 a5) 31. e6 Ndf6 {[#]} 32. a5 $1 {[%mdl 512]} f4 (32... bxa5 $142 33. Qe5 Re7 34. Nxc5 Ne8) 33. Re5 g5 34. Nh3 Nh7 35. Be4 N5f6 36. Qg2 f3 37. Bxh7+ Nxh7 38. Qg3 g4 39. Nhf2 Nf6 40. Nf4 bxa5 41. Nh5 Nxh5 42. Rxh5 Rf6 43. Re4 Rg6 44. Rh4 Re7 45. Rexg4 Qa1+ {[#]} 46. Kh2 $1 {[%mdl 512]} Rxg4 47. Rxg4+ {Accuracy: White = 91%, Black = 41%.} 1-0

[Event "40th IND-chT Open 2020"]
[Site "Ahmedabad"]
[Date "2020.02.10"]
[Round "5.12"]
[White "Sinha, Santosh Kumar"]
[Black "Girinath, P.D.S."]
[Result "1-0"]
[WhiteElo "1942"]
[BlackElo "2353"]
[Annotator "TA"]
[PlyCount "117"]
[EventDate "2020.02.05"]
[EventCountry "IND"]
[SourceTitle "playchess.com"]
[Source "ChessBase"]
[SourceQuality "1"]

{[%evp 21,117,2,9,21,22,-8,6,-38,0,-28,-35,-37,-28,-49,-34,-45,-27,-35,-37,-63,-50,-49,-57,-70,-74,-27,0,-17,0,-4,28,35,36,29,23,23,84,83,88,67,122,16,145,34,31,35,49,43,41,27,41,34,40,39,27,39,81,33,33,6,7,0,0,0,0,0,0,8,3,6,11,0,0,0,264,268,950,130,140,130,129,121,295,291,541,367,603,547,29972,29972,5229,5222,29989,29990,29990,29991,29997,29998]} 1. c4 f5 2. Nc3 Nf6 3. Nf3 d6 4. d4 e6 5. g3 Be7 6. Bg2 a5 7. Qc2 O-O 8. O-O Nc6 9. a3 e5 10. dxe5 dxe5 11. Rd1 Qe8 12. Nb5 {A96: Classical Dutch: Fluid Systems: Early deviations.} Bd8 13. Be3 {[#]} e4 $146 ({Predecessor:} 13... Qh5 14. Bc5 Re8 15. Rxd8 Rxd8 16. Nxc7 Rb8 17. Rd1 Bd7 18. Nd5 f4 19. Nxf6+ gxf6 {½-½ (58) Crouch,C (2407)-Pert,N (2475) Scarborough 2001}) 14. Nd2 {The position is equal.} Ng4 15. Bc5 Be7 16. Bxe7 Qxe7 17. Nf1 Qc5 18. e3 Nce5 19. b4 Qe7 20. h3 Nf6 21. Rab1 axb4 22. axb4 Be6 23. Nd2 Qf7 {[%cal Re5c4]} 24. Nd4 Bd7 25. b5 Qh5 26. c5 Rae8 27. c6 bxc6 28. bxc6 Bc8 (28... Be6 $1 $11) 29. Rb5 $16 Ba6 30. Rc5 Bd3 (30... Qf7 $14) 31. Qa2+ (31. Qb3+ $16 Qf7 32. Qxf7+ (32. Nxf5 Qxb3 33. Nxb3 Bc4 $16) 32... Nxf7 33. Rxf5) 31... Kh8 (31... Bc4 $1 $11 32. Qc2 Bd5) 32. Ra1 (32. Rdc1 $1 $16) 32... f4 $1 $14 {[%cal Rf4g3]} 33. gxf4 Nf3+ $1 34. N2xf3 Qxc5 35. Ne5 Rxe5 36. fxe5 Qxe5 37. Qe6 Qc5 $1 38. Qb3 Qe5 39. Qb7 h6 40. Ra7 Nd5 41. Ra5 Qf6 42. Qb2 $36 {[%mdl 2048] White is pushing.} ({Don't go for} 42. Rxd5 $2 Qxf2+ 43. Kh1 Bf1 $19) 42... Ne7 43. Qa2 Rb8 {aiming for ...Rb1+.} 44. Ra8 Rxa8 45. Qxa8+ Kh7 46. Qd8 Qe5 47. h4 {With the idea Bh3.} h5 $2 {[%mdl 8192] [#]} (47... Ng6 $1 $11 {and Black stays safe.}) 48. Bh3 $1 $18 {Hoping for Ne6.} Bc4 $2 {[#]} (48... Qd6 49. Qxd6 cxd6) 49. Qd7 $2 (49. Be6 $1 $18 {[%mdl 512] and the rest is easy.} Qf6 (49... Bxe6 50. Qxe7) 50. Bxc4) 49... Ng6 $16 50. Bf5 Kh6 51. Qd8 {White threatens Qg5+ and mate.} Qf6 $2 (51... Qe7 $16 {is a better defense.} 52. Qxe7 Nxe7) 52. Qxc7 $18 Nxh4 $2 (52... Qxh4 53. Qh2 Qg5+ 54. Kh1 Ne7) 53. Qf4+ g5 $2 (53... Qg5+ 54. Qxg5+ Kxg5) 54. Qxe4 Qd6 55. Qe8 {[%cal Re8h8]} Qf6 56. c7 Ba6 57. Qd8 {White mates.} Nf3+ 58. Kh1 {[%cal Rd8f6]} Qe5 59. Qf8+ {Accuracy: White = 73%, Black = 51%.} 1-0

[Event "40th IND-chT Open 2020"]
[Site "Ahmedabad"]
[Date "2020.02.10"]
[Round "5.13"]
[White "Narayanan, Srinath"]
[Black "Sidhant, Mohapatra"]
[Result "1-0"]
[WhiteElo "2535"]
[BlackElo "2367"]
[Annotator "TA"]
[PlyCount "45"]
[EventDate "2020.02.05"]
[EventCountry "IND"]
[SourceTitle "playchess.com"]
[Source "ChessBase"]
[SourceQuality "1"]

{[%evp 18,45,31,25,17,9,7,4,12,8,25,34,46,20,37,32,39,54,168,155,205,196,244,229,286,207,567,560,928,918]} 1. d4 d5 2. c4 c6 3. Nf3 Nf6 4. e3 e6 5. b3 Nbd7 6. Bd3 Be7 7. O-O b6 8. Nc3 Bb7 9. Bb2 O-O 10. Qc2 h6 {D46: Semi-Slav: 5 e3 Nbd7 6 Bd3, Black avoids the Meran.} 11. Rad1 Qc7 12. Rfe1 Rfd8 {[#] The position is equal.} 13. Ne5 $146 ({Predecessor:} 13. Bf1 Rac8 14. g3 c5 15. cxd5 cxd4 16. Nxd4 Nxd5 17. Nxd5 Bxd5 18. Qxc7 Rxc7 19. Rc1 Rdc8 20. Nb5 Rxc1 21. Rxc1 Rxc1 22. Bxc1 a5 23. Bg2 Bxg2 {½-½ (23) Kojima,S (2403)-Shankland,S (2661) Honolulu 2015}) 13... Rac8 14. f4 c5 15. Kh1 Qb8 16. Qe2 dxc4 17. bxc4 {[%cal Bb3c4,Bc4d5][%mdl 32]} Nf8 {[#]} ({Black should try} 17... cxd4 $14 18. exd4 Nxe5 19. dxe5 (19. fxe5 Rxd4 20. Bh7+ {[%mdl 64] Discovered Attack} Nxh7 $14) 19... Nd7) 18. d5 $1 $18 exd5 19. cxd5 Bd6 20. Ng4 {Black must now prevent Nxf6+.} N8d7 21. Bf5 Rc7 $2 (21... Nxg4 {is a better chance.} 22. Qxg4 (22. Bxg4 Nf6 $16) 22... Nf6) 22. Nb5 {[%mdl 64] [#] Double Attack} Ba6 {If only Black now had time for ...Bxb5....} 23. Bxd7 {Accuracy: White = 82%, Black = 45%.} 1-0

[Event "40th IND-chT Open 2020"]
[Site "Ahmedabad"]
[Date "2020.02.10"]
[Round "5.14"]
[White "Sahoo, Utkal Ranjan"]
[Black "Satyapragyan, Swayangsu"]
[Result "0-1"]
[WhiteElo "2336"]
[BlackElo "2403"]
[Annotator "TA"]
[PlyCount "66"]
[EventDate "2020.02.05"]
[EventCountry "IND"]
[SourceTitle "playchess.com"]
[Source "ChessBase"]
[SourceQuality "1"]

{[%evp 12,94,13,10,8,10,16,-21,-21,-31,-27,-31,-22,-16,12,0,13,-37,-38,-33,-42,-38,-29,-34,11,0,0,-49,-47,-69,-28,-107,-92,-99,-102,-89,-52,-172,-147,-143,-147,-147,-141,-229,-231,-232,-213,-218,0,-198,0,-230,-195,-569,-560,-812,-594,-674,-275,-439,-289,-364,-191,-204,-204,-266,-216,-219,0,-225,0,-206,0,-239,0,-523,-525,-454,-453,-453,-453,-985,-985,-29993,-29994]} 1. d4 Nf6 2. c4 e6 3. Nc3 Bb4 4. e3 O-O 5. Bd3 d5 6. Nf3 b6 7. O-O Ba6 {is cutting edge theory. E52: Nimzo-Indian: Rubinstein: 4...0-0 5 Nf3 d5 6 Bd3 b6.} 8. Qe2 c5 (8... Nbd7 {feels hotter.} 9. Bd2 dxc4 10. Bxc4 Bxc4 11. Qxc4 c5) 9. a3 Bxc3 {The position is equal.} 10. bxc3 dxc4 11. Bxc4 Bxc4 12. Qxc4 Nbd7 13. Qe2 Rc8 {[#]} 14. c4 $146 ({Predecessor:} 14. Bb2 Qc7 15. Rfc1 Qb7 16. a4 Rc7 17. Nd2 Ne4 18. Nxe4 Qxe4 19. a5 Rfc8 20. axb6 axb6 {0-1 (38) Dezelak,B (2155)-Barle,J (2435) Slovenia 1993}) 14... Qc7 15. Nd2 cxd4 16. exd4 e5 17. d5 Ne8 (17... b5 $5 18. cxb5 Nxd5 $15) 18. Bb2 f6 19. f4 exf4 20. Rac1 Ne5 21. Rc3 (21. Ne4 $11) 21... Nd6 $36 {[%mdl 2048] Black has strong initiative.} 22. Rxf4 Ng6 23. Rf1 Rce8 24. Qh5 {[#]} (24. Qf2 $15) 24... Re5 $1 $19 {[%cal Re5h5]} 25. Qg4 Rfe8 26. Rd3 Rg5 27. Qd4 (27. Qd1 $17) 27... Re2 28. Rf2 Re1+ 29. Rf1 Re2 30. Rf2 Re1+ 31. Rf1 Qe7 32. Nf3 $2 (32. Rdf3 {is tougher.}) 32... Re4 33. Qc3 Rxg2+ {Played: Ng6-f4} 0-1

[Event "40th IND-chT Open 2020"]
[Site "Ahmedabad"]
[Date "2020.02.10"]
[Round "5.15"]
[White "Swayams, Mishra"]
[Black "Nayak Rajesh"]
[Result "1-0"]
[WhiteElo "2485"]
[BlackElo "2169"]
[Annotator "TA"]
[PlyCount "93"]
[EventDate "2020.02.05"]
[EventCountry "IND"]
[SourceTitle "playchess.com"]
[Source "ChessBase"]
[SourceQuality "1"]

{[%evp 16,93,34,50,35,30,88,21,38,0,8,16,0,12,0,20,152,138,133,0,0,0,4,0,0,0,0,0,0,0,0,0,0,0,0,0,0,0,90,100,97,91,93,90,113,101,96,77,158,166,129,136,168,84,262,262,257,250,249,231,307,306,379,382,379,364,455,431,436,431,418,420,1097,1003,29979,29980,29979,29979,5389,2926]} 1. d4 Nf6 2. Nf3 g6 3. g3 Bg7 4. Bg2 O-O 5. O-O d6 6. b3 Nc6 7. Bb2 e5 8. dxe5 Nd7 {is currently scoring better than 8...Ng4.} 9. Qc1 dxe5 {A49: 1 d4 Nf6 2 Nf3 g6 3 g3: Anti-King's Indian systems.} 10. Rd1 h6 {[#]} (10... Re8 $11) 11. c4 $146 (11. Nc3 $16) ({Predecessor:} 11. Nfd2 f5 12. Nc4 e4 13. Bxg7 Kxg7 14. Nc3 Rf7 {½-½ (14) Pavlovic,M (2477)-Grigoryan,K (2568) Ruma 2017}) 11... f5 $11 {The position is equal.} 12. Nc3 e4 13. Ne1 Nce5 14. f3 c6 $1 15. fxe4 f4 (15... Ng4 $11) 16. gxf4 $16 Ng4 17. e3 (17. Ba3 $16) 17... Qh4 $11 18. Nf3 $1 {[%cal Rf3h4]} Qf2+ 19. Kh1 Nde5 20. Nxe5 Bxe5 21. Rf1 (21. fxe5 {gets mated.} Qh4 $1 {[%mdl 512]} 22. h3 Nf2+ 23. Kg1 Bxh3 24. Nd5 cxd5 25. Qd2 Rad8 26. Bxh3 Nxh3+ 27. Kg2 Nf2 $1 {[%mdl 512]} 28. Qxd5+ Rxd5 29. Rh1 Nxh1 30. exd5 Rf2+ 31. Kg1 Qh2#) 21... Qh4 {[%csl Gg4][%cal Rh4h2]} 22. h3 {Black must now prevent Qe1.} Nf2+ $1 23. Rxf2 $1 Qxf2 24. Rb1 $36 {[%mdl 2048] Black should prevent Ba3. White has some pressure.} ({Don't go for} 24. fxe5 $2 Bxh3 $1 {[%mdl 512]} 25. Qg1 (25. Bxh3 $2 Qh4 $19) 25... Qh4 $19) 24... Bg7 25. Qg1 Qh4 26. Qe1 Qh5 (26... Qxe1+ $1 $11 {remains equal.} 27. Rxe1 g5) 27. Kh2 $16 g5 28. f5 Bd7 29. Ne2 Bxb2 30. Rxb2 Rad8 31. Ng3 Qe8 ({Black should try} 31... Qf7) 32. Qc3 Bc8 33. Rf2 Qe7 {[#]} 34. Bf3 (34. f6 $1 $18 {[%cal Rf6e7]} Qf7 35. e5) 34... Qd6 $2 {[#]} (34... Qg7 $16 {was worth a try.} 35. e5 Bxf5) 35. e5 $1 $18 {[%cal Re5d6]} Qd3 36. Qxd3 Rxd3 37. e4 Rfd8 38. e6 {And now e7 would win.} Rd2 39. Kg2 Kf8 40. Bg4 Rxf2+ 41. Kxf2 {[%mdl 4096] Endgame KRB-KBN} Ke7 42. Ke3 Kd6 43. Nh5 Ke5 (43... Rg8 $142 44. c5+ Ke5) 44. e7 Rg8 45. f6 Be6 46. Bxe6 Kxe6 {[#]} 47. e5 $1 {[%mdl 576] Promotion. Accuracy: White = 83%, Black = 57%.} 1-0

[Event "40th IND-chT Open 2020"]
[Site "Ahmedabad"]
[Date "2020.02.10"]
[Round "5.16"]
[White "Baivab Mishra"]
[Black "Bakre, Tejas"]
[Result "1-0"]
[WhiteElo "2206"]
[BlackElo "2425"]
[Annotator "TA"]
[PlyCount "61"]
[EventDate "2020.02.05"]
[EventCountry "IND"]
[SourceTitle "playchess.com"]
[Source "ChessBase"]
[SourceQuality "1"]

{[%evp 24,63,52,66,60,45,37,36,62,69,73,79,99,107,127,125,110,55,113,49,53,53,117,43,30,52,248,252,234,151,1123,435,947,947,937,934,1293,892,882,870,887,873]} 1. e4 c5 2. Nf3 d6 3. d4 cxd4 4. Nxd4 Nf6 5. Nc3 Nc6 6. Bg5 e6 7. Qd2 a6 8. O-O-O Bd7 9. f4 b5 10. Bxf6 gxf6 11. Kb1 Qb6 12. Nxc6 Bxc6 13. f5 Qc5 {B67: Sicilian: Richter-Rauzer: 7...a6 8 0-0-0 Bd7, lines without 9 f4 Be7.} 14. fxe6 fxe6 15. Bd3 Be7 {[#] White is slightly better.} 16. Rhf1 $146 ({Predecessor:} 16. Ne2 Bd7 17. Nf4 O-O-O 18. Be2 Kb7 19. Bg4 Qe5 20. Nd3 Qg5 21. Qe2 Rhg8 22. Bf3 {1-0 (33) Dai,C (2295)-Zou,C (2208) Zhongshan 2015}) 16... Kd7 17. Ne2 Rhg8 18. Nf4 Rg5 19. g3 a5 {[%cal Ba6a5,Ba5a4][%mdl 32]} 20. Qg2 (20. Rfe1 $16) 20... Qe5 (20... a4 $1 $14) 21. Qh3 (21. c3 $16) 21... a4 $1 $14 {[%cal Ra4a3] next ...a3 is good for Black.} 22. a3 b4 $1 {[%cal Rb4a3]} 23. Bc4 ({White should play} 23. axb4 $16 {Hoping for Bc4.} a3 24. c3) 23... bxa3 {[%csl Ga3][%cal Re5b2] [#]} 24. Nd3 $36 {[%mdl 2048] White is pushing.} Qxe4 $2 (24... Qd4 $1 $14 25. Qxe6+ (25. Bxe6+ Kd8 $14) 25... Kd8 26. bxa3 Bd7) 25. Rf4 $18 Qg6 {And now ...d5 would win.} ({Don't play} 25... Qe3 26. Re1) 26. Qxe6+ Kd8 $2 (26... Ke8 $16) 27. Rd4 (27. Nb4 $142 Bd7 28. Rxd6 Bxd6 29. Qxd6) 27... Bd7 (27... f5 $142 28. Ne5 (28. bxa3 Qxe6 29. Bxe6 Rb8+ 30. Ka2 Be4 $16) 28... Qxe6 29. Nxc6+ (29. Bxe6 Be8 $16) 29... Kd7 30. Bxe6+ Kxe6 31. Re1+ Kd7 32. Nxe7 f4 33. gxf4 Rb5) 28. Rxd6 Bxd6 29. Qxd6 {White wants to mate with Ne5!} f5 30. Qf8+ Qe8 31. Qc5 {Played: Qf8-f6} 1-0

[Event "40th IND-chT Open 2020"]
[Site "Ahmedabad"]
[Date "2020.02.10"]
[Round "5.17"]
[White "Krishna C R G"]
[Black "Jatinder, Kapoor"]
[Result "1-0"]
[WhiteElo "2443"]
[BlackElo "1586"]
[Annotator "TA"]
[PlyCount "41"]
[EventDate "2020.02.05"]
[EventCountry "IND"]
[SourceTitle "playchess.com"]
[Source "ChessBase"]
[SourceQuality "1"]

{[%evp 16,41,32,27,57,70,68,68,61,59,38,46,43,32,35,37,42,21,352,352,601,593,914,914,862,872,29985,29985]} 1. d4 Nf6 2. Nf3 e6 3. e3 c5 4. Bd3 b6 5. O-O Bb7 6. c4 Be7 7. Nc3 cxd4 8. exd4 O-O 9. d5 exd5 {is the legacy move (9...Bb4). E14: Queen's Indian: Classical Variation (4 e3).} 10. cxd5 Bb4 11. Bg5 Bxc3 {White is slightly better.} 12. bxc3 h6 13. Bh4 Bxd5 14. Nd4 Nc6 15. Nf5 Ne5 {[#]} 16. Bc2 $146 {Bxf6 is the strong threat.} ({Predecessor:} 16. Re1 Ng6 17. Ne7+ Nxe7 18. Bxf6 gxf6 19. Qg4+ Kh8 20. Rxe7 Be6 21. Qh5 f5 22. Qxh6+ Kg8 23. Re1 Qxe7 24. Re3 f6 25. Rg3+ Kf7 26. Qg6# {1-0 (26) Viaud,T (1982)-Prickett,D (1922) ICCF email 2012}) 16... Bc4 $2 {[%mdl 8192] [#]} (16... Be6 $1 $11 {and Black has nothing to worry.}) 17. Qd4 $1 $18 {[%cal Rd4e5]} Bxf1 $2 (17... Ng6 18. Qxc4 Rc8) 18. Qxe5 Re8 {[#]} 19. Qg3 $1 {[%csl Gf5][%cal Rg3g7][%mdl 512]} g6 20. Nxh6+ Kh7 21. Nxf7 {Accuracy: White = 100%, Black = 26%.} 1-0

[Event "40th IND-chT Open 2020"]
[Site "Ahmedabad"]
[Date "2020.02.10"]
[Round "5.18"]
[White "Mayank Sharma Nandkishore"]
[Black "Thejkumar, M. S."]
[Result "0-1"]
[WhiteElo "1711"]
[BlackElo "2438"]
[Annotator "TA"]
[PlyCount "64"]
[EventDate "2020.02.05"]
[EventCountry "IND"]
[SourceTitle "playchess.com"]
[Source "ChessBase"]
[SourceQuality "1"]

{[%evp 9,64,-39,-39,-40,-39,-34,-41,-41,-39,-38,-40,-38,-28,-38,-34,-35,-16,-22,-18,-36,-30,-31,-26,-52,-26,-97,-102,-106,-102,-151,-161,-194,-187,-301,-304,-295,-278,-292,-296,-304,-302,-296,-293,-260,-254,-262,-254,-343,-343,-394,-376,-550,-555,-519,-421,-421,-414]} 1. e4 c6 2. Bc4 d5 3. Bb3 dxe4 4. Qh5 e6 5. Nc3 Nf6 6. Qe2 {B10: Caro-Kann: 2 d3 and 2 c4.} Nbd7 {[%cal Bb8d7,Bd7c5,Bc5b3][%mdl 32]} 7. Nxe4 Nxe4 8. Qxe4 {Black is slightly better.} Nc5 9. Qe3 Nxb3 10. axb3 b6 11. Nf3 Bb7 {[#]} 12. O-O $146 ({Predecessor:} 12. d3 c5 13. Bd2 Be7 14. Bc3 Bf6 15. b4 Bxc3+ 16. bxc3 cxb4 17. cxb4 Qc7 18. c4 {1-0 (62) Lamontagne,D (1903)-Dumont,E (1718) Quebec 2015}) 12... Be7 13. d3 O-O 14. Bd2 c5 15. Rfe1 Re8 16. Ne5 Bf8 (16... Bd6 {keeps more tension.} 17. Qh3 Bc7 18. Nc4 Qe7 19. Qg4 f6) 17. Ra4 (17. Nc4 $11 {remains equal.}) 17... f6 $17 18. Nf3 e5 19. Nh4 Qd7 20. Raa1 {[#]} e4 $1 {Threatens to win with ...g5.} 21. Qh3 (21. Qg3 $142) 21... Qxh3 $19 22. gxh3 exd3 23. Rxe8 Rxe8 24. cxd3 a5 {[%cal Ba7a5,Ba5a4][%mdl 32]} 25. Ng2 Bd5 26. Ne3 Bxb3 27. Nc4 Re6 28. Bf4 a4 29. Bc7 b5 {[%cal Bb6b5,Bb5b4][%mdl 32]} 30. Na3 (30. Ne3 $142) 30... b4 {Black is clearly winning.} 31. Nc4 Re2 32. Kf1 Rc2 {Accuracy: White = 52%, Black = 91%.} 0-1

[Event "40th IND-chT Open 2020"]
[Site "Ahmedabad"]
[Date "2020.02.10"]
[Round "5.19"]
[White "Laxman, R.R."]
[Black "Sanchit, Anand"]
[Result "1/2-1/2"]
[WhiteElo "2432"]
[BlackElo "1891"]
[Annotator "TA"]
[PlyCount "65"]
[EventDate "2020.02.05"]
[EventCountry "IND"]
[SourceTitle "playchess.com"]
[Source "ChessBase"]
[SourceQuality "1"]

{[%evp 12,65,13,6,25,-10,25,15,27,26,29,25,19,0,0,0,0,-9,0,0,0,-3,0,16,45,52,53,31,56,47,82,68,59,19,109,33,30,0,0,-39,4,13,57,0,22,34,27,0,0,0,-6,-6,-7,-42,-40,-33]} 1. d4 Nf6 2. Nf3 d5 3. c4 e6 4. g3 Be7 5. Bg2 O-O 6. Qc2 dxc4 7. Qxc4 a6 {E06: Closed Catalan: Early deviations.} 8. Ne5 b5 9. Qc2 Ra7 {The position is equal.} 10. O-O Bb7 11. Bxb7 Rxb7 12. Rd1 Qc8 13. Nd3 Rd8 14. Be3 Ng4 15. Nd2 {[%cal Bb1d2,Bd2e4,Be4c5][%mdl 32] [#]} Nxe3 $146 ({Predecessor:} 15... Nd7 16. Rac1 e5 17. Ne4 Nxe3 18. fxe3 exd4 19. exd4 Nf6 20. Ne5 Nxe4 21. Qxe4 c5 {1-0 (53) Benidze,D (2475)-Haznedaroglu,K (2491) Izmir 2016}) 16. fxe3 Nd7 17. Rac1 Bd6 18. Ne4 Rb8 19. Ndc5 Bxc5 20. Nxc5 Nf6 21. e4 e5 22. e3 h5 (22... Re8 $11 {keeps the balance.}) 23. Qe2 ({Better is} 23. dxe5 $16 Ng4 24. e6) 23... Re8 24. d5 Rb6 25. Rf1 Qg4 (25... Rd6 {looks sharper.} 26. b4 c6 27. a3 Qa8 28. dxc6 Qxc6 29. Qf2 Qc8) 26. Qxg4 Nxg4 (26... hxg4 {is interesting.} 27. Nd3 Nxe4 28. Rxc7 f6 29. Nf2 Nxf2 30. Kxf2 e4) 27. Rfe1 (27. Nd7 $14 Rb7 28. Nc5) 27... Nf6 28. Red1 Rd8 29. Nd3 Nxe4 30. Nxe5 Rbd6 31. Rd4 Ng5 32. h4 Re8 33. hxg5 {Accuracy: White = 71%, Black = 74%.} 1/2-1/2

[Event "40th IND-chT Open 2020"]
[Site "Ahmedabad"]
[Date "2020.02.10"]
[Round "5.20"]
[White "Aansh Gupta"]
[Black "Das, Arghyadip"]
[Result "1-0"]
[WhiteElo "1900"]
[BlackElo "2458"]
[Annotator "TA"]
[PlyCount "67"]
[EventDate "2020.02.05"]
[EventCountry "IND"]
[SourceTitle "playchess.com"]
[Source "ChessBase"]
[SourceQuality "1"]

{[%evp 20,83,-17,-11,0,0,-4,0,0,0,55,-80,-31,-67,-50,-54,-25,-37,-45,-24,-29,-18,0,11,7,-243,8,17,217,222,229,218,193,167,487,477,839,833,812,804,952,921,1013,1032,1206,1187,1230,922,1506,606,570,0,1450,1410,1481,1050,1004,0,1222,0,920,915,29988,2063,6491,5589]} 1. e4 e6 2. d3 d5 3. Nd2 c5 4. Ngf3 Nc6 5. g3 Nf6 6. Bg2 g6 7. O-O Bg7 8. Re1 O-O 9. c3 a5 10. e5 Nd7 11. d4 cxd4 {A08: King's Indian Attack.} 12. cxd4 f6 13. exf6 Qxf6 {The position is equal.} 14. Qe2 Re8 {[#]} ({But not} 14... Nxd4 $6 15. Nxd4 Qxd4 16. Qxe6+ Kh8 17. Nf3 $16) ({Black should play} 14... a4 $11) 15. Bh3 $146 (15. Nb1 $1 $14) ({Predecessor:} 15. b3 Nxd4 16. Nxd4 Qxd4 17. Rb1 Qc5 18. Nf3 e5 19. Be3 Qd6 20. Rbd1 Nf6 21. Bg5 {0-1 (33) Giri,A (2752)-Svidler,P (2753) Flor & Fjaere 2014}) 15... Nf8 16. Qb5 Bd7 17. Qxb7 Reb8 18. Qc7 Rc8 {[%mdl 1024] Black has compensation.} 19. Qd6 Nb4 {Threatening ...Ra6.} 20. Ne5 Be8 {aiming for ...Ra6.} 21. Ndf3 {And now Bg5 would win.} h6 $1 {Hoping for ...Ra6.} ({Don't go for} 21... Ra6 $2 22. Qxa6 $1 {[%mdl 512]} Nxa6 23. Bg5 $18) 22. Bf4 $2 (22. Bd2 $11 {and White stays safe.}) 22... g5 $2 (22... Ra6 $1 $19 {[%cal Ra6d6]} 23. Ng4 Qf7) 23. Ng4 $1 $36 {[%cal Rg4f6][%mdl 2048] Black is under pressure.} Qd8 $2 (23... Qg6 $11 {and Black has nothing to worry.}) 24. Nxh6+ $1 $18 Bxh6 25. Bxe6+ Nxe6 26. Qxe6+ {[%mdl 64] Double Attack} Kh7 $2 {[#]} (26... Kg7 {is tougher.}) 27. Bxg5 $1 {[%mdl 576] Decoy} Bxg5 (27... Rc6 $142) 28. Qf5+ {[%mdl 64] Double Attack} Kg8 29. Nxg5 {Qh7+ would kill now.} Ra7 30. Re5 Rc6 31. Ne6 Rxe6 32. Qxe6+ Bf7 33. Qg4+ Kf8 34. Rc1 {Played: Qg4-f4} 1-0